| 000 | 00460nam a2200145Ia 4500 | ||
|---|---|---|---|
| 008 | 151015s9999 xx 000 0 und d | ||
| 020 | _a9966846980 | ||
| 050 | _aHC865.K5 2008 | ||
| 245 | _aKibua, Thomas N. | ||
| 250 | _a_Decentralization and Develution in Kenya New Approaches Thomas N. Kibua | ||
| 300 | _aNairobi University of Nairobi 2008 | ||
| 500 | _aIncludes Index. | ||
| 650 | _a_Structures and Institution | ||
| 700 | _a^d20110208 02:43:37^oanne | ||
| 999 |
_c1293 _d1293 |
||